1071 1875 1774 1703 1352 1735 1405 1364 1095 1688 1244 1274 1498 1922 1279 1651 1719 1170 1038 1235 1439 1978 1745 1081 1300 2000 1724 1078 1340 1595 1407 1971 1771 1619 1014 1199 1824 1297 1519 1408 1148 1363 1681 1095 1441 1642 1935 1974 1753 1515 1447 1221 1892 1839 1898 1229 1655 1920 1034 1358 1704 1323 1612 1345 1891 1132 1574 1608 1872 1877 1694 1817 1699 1685 1750 1208 1042 1093 1830 1018 1298 1056 1504 1337 1111 1145 1319 1153 1698 1751 1881 1903 1492 1577 1434 1041 1746 1604 1764 BCNSPRNW ULIB Ver.6.0+V

เปลี่ยนเป็นภาษาไทย

Change to English
 แสดงรายละเอียดบรรณานุกรม
  กลับหน้าหลัก

Brief Record : Get Marc (ISO 2709) : E-mail record : QR code < ปิดหน้าต่าง
LEADER : 00000nam a2200000Ia 4500
001    13399114800
003     ULIB
008    110616s2554 th a 000 0 tha d
020    ^a9789741114405
060  4 ^aWA100^bส743
245 00 ^aสุขภาพคนไทย 2554 :^bเอชไอเอ กลไกพัฒนานโยบายสาธารณะเพื่อชีวิตและสุขภาพ /^cชื่นฤทัย กาญจนะจิตรา ... [และคนอื่นๆ]
246 30 ^aเอชไอเอ กลไกพัฒนานโยบายสาธารณะเพื่อชีวิตและสุขภาพ
250    ^aพิมพ์ครั้งที่ 1
260    ^aนครปฐม :^bสถาบันวิจัยประชากรและสังคม มหาวิทยาลัยมหิดล,^c2554
300    ^a120 หน้า :^bภาพประกอบ ;^c30 ซม.
490 1  ^aเอกสารทางวิชาการ / สถาบันวิจัยประชากรและสังคม มหาวิทยาลัยมหิดล ;^vหมายเลข 377
500    ^aชื่อเรื่องจากปก : เอชไอเอ กลไกพัฒนานโยบายสาธารณะเพื่อชีวิตและสุขภาพ
536    ^aสนับสนุนโดย สำนักงานกองทุนสนับสนุนการสร้างเสริมสุขภาพ (สสส.) และ สำนักงานคณะกรรมการสุขภาพแห่งชาติ (สช.)
650  4 ^aนโยบายสาธารณะ
650  4 ^aนโยบายด้านสาธารณสุข
650  4 ^aดัชนีสุขภาพ
650  4 ^aการส่งเสริมสุขภาพ
700 0  ^aชื่นฤทัย กาญจนะจิตรา
700 0  ^aชาย โพธิสิตา
700 0  ^aกฤตยา อาชวนิชกุล
700 0  ^aเฉลิมพล แจ่มจันทร์
700 0  ^aกุลวีณ์ ศิริรัตน์มงคล
700 0  ^aปาณฉัตร ทิพย์สุข
700 0  ^aสาสินี เทพสุวรรณ์
710 2  ^aมหาวิทยาลัยมหิดล. ^bสถาบันวิจัยประชากรและสังคม
710 2  ^aสำนักงานกองทุนสนับสนุนการสร้างเสริมสุขภาพ (สสส.)
710 2  ^aสำนักงานคณะกรรมการสุขภาพแห่งชาติ (สช.)
830  0 ^aเอกสารทางวิชาการ (มหาวิทยาลัยมหิดล. สถาบันวิจัยประชากรและสังคม) ;^vหมายเลข 377
945    ^p0^l0^i031797
995    ^aเกษร
999 ^a ใช้งานได้ทุกระบบ
รายการนี้ยังไม่มีแท็ก
คุณยังไม่ได้ล็อกอิน คุณสามารถมีกิจกรรมร่วมกับเว็บไซต์ได้ แต่ต้องล็อกอินก่อน ::
  ล็อกอิน

รายการสื่อสารสนเทศ

ลำดับที่ ประเภท เลขเรียก/บาร์โค้ด สถานที่ สถานะ
1. วิทยาศาสตร์การแพทย์ และสุขภาพ
วิทยาศาสตร์การแพทย์ และสุขภาพ
WA100 ส743 ฉ.1 
  Barcode: 031797
ห้องสมุดวิทยาเขตสวรรค์ประชารักษ์
►ส่วนจัดเก็บหนังสือเก่า สปร
บนชั้น
  ขอยืม

รายการใกล้เคียง
    หัวเรื่อง [นโยบายสาธารณะ]
    หัวเรื่อง [นโยบายด้านสาธารณสุข]
    หัวเรื่อง [ดัชนีสุขภาพ]
    หัวเรื่อง [การส่งเสริมสุขภาพ]

BibComment


ยังไม่เคยถูกคอมเมนท์

คอมเมนท์ทรัพยากรรายการนี้
  คอมเมนท์: สุขภาพคนไทย 2554..


 Copyright 2026. Bcnsprnw @Library